logo

RETORNO GRIEGO DE LO DIVINO EN LA POSTMODERNIDAD EL | DERROTA MUNDIAL (Record no. 26305)

MARC details
000 -CABECERA
campo de control de longitud fija 00790nam a2200313Ia 4500
001 - NÚMERO DE CONTROL
campo de control 25867
005 - FECHA Y HORA DE LA ÚLTIMA TRANSACCIÓN
campo de control 20260407082525.0
008 - CÓDIGOS DE INFORMACIÓN DE LONGITUD FIJA
campo de control de longitud fija 260115s9999 xx 000 0 und d
010 ## - NÚMERO DE CONTROL DE LA BIBLIOTECA DEL CONGRESO
Número de control de LC 26305
035 ## - NÚMERO DE CONTROL DEL SISTEMA
Número de control de sistema 16403
090 ## - LOCALMENTE ASIGNADO TIPO-LC NÚMERO DE CLASIFICACIÓN (OCLC); NÚMERO DE CLASIFICACIÓN LOCAL (RLIN)
Número de clasificación (OCLC) (R) ; Numero de clasificación CALL (RLIN) (NR) 141
001 - NÚMERO DE CONTROL
campo de control 8216
008 - CÓDIGOS DE INFORMACIÓN DE LONGITUD FIJA
campo de control de longitud fija 260115s9999 xx 000 0 und d
035 ## - NÚMERO DE CONTROL DEL SISTEMA
Número de control de sistema 6268
090 ## - LOCALMENTE ASIGNADO TIPO-LC NÚMERO DE CLASIFICACIÓN (OCLC); NÚMERO DE CLASIFICACIÓN LOCAL (RLIN)
Número de clasificación (OCLC) (R) ; Numero de clasificación CALL (RLIN) (NR) 86-3
100 ## - PUNTO DE ACCESO PRINCIPAL - NOMBRE DE PERSONA
Nombre de persona OÑATE TERESA
100 ## - PUNTO DE ACCESO PRINCIPAL - NOMBRE DE PERSONA
Nombre de persona SALVADOR BORREGO E.
245 #0 - MENCIÓN DE TÍTULO
Título RETORNO GRIEGO DE LO DIVINO EN LA POSTMODERNIDAD EL
260 ## - PUBLICACIÓN, DISTRIBUCIÓN, ETC. (PIE DE IMPRENTA)
Nombre del editor distribuidor etc. ALDERABAN
Fecha de publicación distribución etc. 2000
245 #0 - MENCIÓN DE TÍTULO
Título DERROTA MUNDIAL
260 ## - PUBLICACIÓN, DISTRIBUCIÓN, ETC. (PIE DE IMPRENTA)
Lugar de publicación distribución etc. MEXICO
Nombre del editor distribuidor etc. ALDO
Fecha de publicación distribución etc. 1963
300 ## - DESCRIPCIÓN FÍSICA
Dimensiones 17 CM
300 ## - DESCRIPCIÓN FÍSICA
Dimensiones 17 CM
630 ## - PUNTO DE ACCESO ADICIONAL DE MATERIA--TÍTULO UNIFORME
Título uniforme SISTEMAS Y PRINCIPIOS FILOSOFICO
650 ## - PUNTO DE ACCESO ADICIONAL DE MATERIA--TÉRMINO DE MATERIA
Término de materia o nombre geográfico como elemento inicial FILOSOFIA
630 ## - PUNTO DE ACCESO ADICIONAL DE MATERIA--TÍTULO UNIFORME
Título uniforme LITERATURA HISPANO-LUSA
650 ## - PUNTO DE ACCESO ADICIONAL DE MATERIA--TÉRMINO DE MATERIA
Término de materia o nombre geográfico como elemento inicial LITERATURA ESPAÑOLA NARRATIVA
942 ## - ELEMENTOS DE PUNTO DE ACCESO ADICIONAL (KOHA)
Tipo de ítem Koha Monografías
Holdings
Estado de retiro Estado de pérdida Estado dañado No para préstamo Código de colección Localización permanente Ubicación/localización actual Fecha de adquisición Total de préstamos Signatura topográfica completa Código de barras Fecha visto por última vez Número de copia Precio válido a partir de Tipo de ítem Koha Nota pública
          Servicio de Estudios Históricos Servicio de Estudios Históricos 08/11/1955   141 22629 05/02/2026 1 05/02/2026 Monografías 17 CM,384PAG,2000 (12,029,MADRID